00703 2200241 4500001002100000005001500021035002000036007000300056008004100059020001500100082001100115084001700126100001700143245002500160250001900185260002600204300003600230500014300266650002100409856001700430990000700447990000700454INLIS00000000000003620220120113934 a0010-0122000036ta220120 0 ind  a9799417902 a001.43 a001.43 WAH m0 aWahyu Candra1 aMari Bereksperimen 7 aCetakan ke - 2 aSurabaya :bIC,c2010 a52 hlm :bilus. ;c21 x 29.7 cm aMari berekspreimen adalah seri buku sains yang sangat informatif dan mudah dipahami oleh anak-anak dan remaja. buku ini berjumlah 10 seri. 4aPercobaan Ilmiah aKoleksi Umum a41 a42